Rubber toys (Record no. 68077)

MARC details
000 -LEADER
fixed length control field 00303nam a2200133Ia 4500
100 ## - MAIN ENTRY--AUTHOR NAME
Personal name Standring H
245 #0 - TITLE STATEMENT
Title Rubber toys
260 ## - PUBLICATION, DISTRIBUTION, ETC. (IMPRINT)
Name of publisher IRI Transactions
Year of publication 1927
300 ## - PHYSICAL DESCRIPTION
Number of Pages 198-202
650 ## - SUBJECT ADDED ENTRY--TOPICAL TERM
Topical Term Gutta percha
650 ## - SUBJECT ADDED ENTRY--TOPICAL TERM
Topical Term Rubber toys
942 ## - ADDED ENTRY ELEMENTS (KOHA)
Koha item type Journals
Holdings
Withdrawn status Lost status Damaged status Not for loan Home library Current library Shelving location Date acquired Serial Enumeration / chronology Koha item type
      Journals RRII Library RRII Library Rubber chemistry 17/12/2021 Volume 3, Issue 3 Journals